Statistics for All A$AP Rocky Songs

Click here to take the quiz!

General Stats

  • This quiz has been taken 6 times
  • The average score is 28 of 74

Answer Stats

Album Song % Correct
LONG.LIVE.A$APGoldie
83%
TestingA$AP Forever (Remix)
83%
LONG.LIVE.A$APWild for the Night
83%
LONG.LIVE.A$APF**kin' Problems
83%
TestingPraise the Lord (Da Shine)
83%
AT.LONG.LAST.A$APEveryday
83%
AT.LONG.LAST.A$APL$D
67%
LONG.LIVE.A$APAngels
67%
LIVE.LOVE.A$APPeso
67%
AT.LONG.LAST.A$APLord Pretty Flacko Jodye 2 (LPFJ2)
67%
LONG.LIVE.A$APPhoenix
67%
LONG.LIVE.A$APFashion Killa
67%
Single #7Babushka Boi
67%
TestingKids Turned Out Fine
67%
Single #4Sundress
67%
TestingTony Tone
50%
TestingBuck Shots
50%
SingleMultiply
50%
TestingPurity
50%
LIVE.LOVE.A$APPurple Swag: Chapter 2
50%
TestingDistorted Records
50%
TestingGunz n Butter
50%
AT.LONG.LAST.A$APMax B
50%
LONG.LIVE.A$APHell
50%
AT.LONG.LAST.A$APCanal St.
50%
TestingFukk Sleep
50%
AT.LONG.LAST.A$APHoly Ghost
50%
AT.LONG.LAST.A$APElectric Body
33%
AT.LONG.LAST.A$APWavybone
33%
TestingHun43rd
33%
AT.LONG.LAST.A$APM's
33%
AT.LONG.LAST.A$APJD
33%
TestingChanges
33%
AT.LONG.LAST.A$APDreams (Interlude)
33%
LIVE.LOVE.A$APPalace
33%
AT.LONG.LAST.A$APExcuse Me
33%
LIVE.LOVE.A$APTrilla
33%
LONG.LIVE.A$APGhetto Symphony
33%
LONG.LIVE.A$APJodye
33%
LONG.LIVE.A$APSuddenly
33%
LONG.LIVE.A$AP1 Train
33%
LIVE.LOVE.A$APKissin' Pink
33%
LIVE.LOVE.A$APBass
33%
LONG.LIVE.A$APLVL
33%
LIVE.LOVE.A$APHouston Old Head
33%
LONG.LIVE.A$APPMW (All I Really Need)
33%
LONG.LIVE.A$APLong Live A$AP
33%
LIVE.LOVE.A$APGet Lit
33%
LIVE.LOVE.A$APKeep It G
17%
TestingBrotha Man
17%
TestingOG Beeper
17%
TestingBlack Tux, White Collar
17%
LIVE.LOVE.A$APBrand New Guy
17%
LIVE.LOVE.A$APWassup
17%
Single #3Potato Salad
17%
Single #5Energy
17%
TestingCalldrops
17%
AT.LONG.LAST.A$APFine Whine
17%
LIVE.LOVE.A$APAcid Drip
17%
LIVE.LOVE.A$APLeaf
17%
LONG.LIVE.A$API Come Apart
17%
LIVE.LOVE.A$APDemons
17%
Single #2Bad Company
17%
AT.LONG.LAST.A$APBack Home
17%
LIVE.LOVE.A$APOut of This World
17%
AT.LONG.LAST.A$APBetter Things
17%
AT.LONG.LAST.A$APWest Side Highway
17%
AT.LONG.LAST.A$APPharsyde
17%
LONG.LIVE.A$APPain
17%
AT.LONG.LAST.A$APJukebox Joints
17%
LIVE.LOVE.A$APRoll One Up
17%
The Uncle Drew Motion Picture SoundtrackCocky
0%
Creed II: The AlbumRunnin
0%
Single #6Live Fast
0%

Score Distribution

Percentile by Number Answered

Percent of People with Each Score

Your Score History

You have not taken this quiz